[Event "Quebec op U2000"]
[Site "Montreal CAN"]
[Date "2001.07.27"]
[Round "8"]
[White "Lacroix, Serge"]
[Black "Solar, Dariusz"]
[Result "1-0"]
[WhiteElo "1981"]
[BlackElo "1800"]
[Annotator "Incomplete"]
[PlyCount "67"]
[EventDate "2001.07.21"]
[EventType "swiss"]
[EventRounds "9"]
[EventCountry "CAN"]

1. e4 e5 2. Nf3 Nc6 3. Bb5 a6 4. Ba4 Nf6 5. O-O Be7 6. Re1 b5 7. Bb3 d6 8. c3
O-O 9. h3 h6 10. d4 Rb8 11. Nbd2 Bd7 12. Nf1 Re8 13. Ng3 Na5 14. Bc2 c5 15. Qe2
cxd4 16. cxd4 Qc7 17. b3 Rbc8 18. Bd3 Nc6 19. Bb2 exd4 20. Nxd4 d5 21. Nxc6
dxe4 22. Nxe4 Nxe4 23. Ne5 Nc5 24. Qh5 Nxd3 25. Qxf7+ Kh7 26. Qg6+ Kg8 27. Qxd3
Be6 28. Rac1 Qd6 29. Qe3 Rxc1 30. Rxc1 Bf7 31. Qd4 Qxd4 32. Bxd4 Bf6 33. f4
Bxe5 34. Bxe5 {etc.} 1-0

[Event "Quebec op U2000"]
[Site "Montreal CAN"]
[Date "2001.07.28"]
[Round "9"]
[White "Ross-Latour, Jeremie"]
[Black "Lacroix, Serge"]
[Result "1-0"]
[WhiteElo "1667"]
[BlackElo "1981"]
[PlyCount "121"]
[EventDate "2001.07.21"]
[EventType "swiss"]
[EventRounds "9"]
[EventCountry "CAN"]

1. d4 Nf6 2. c4 e6 3. Nc3 Bb4 4. Nf3 b6 5. e3 O-O 6. Bd3 Bb7 7. O-O d5 8. Re1
Nbd7 9. Qc2 Qe7 10. Bd2 h6 11. Ne2 Bxd2 12. Nxd2 c5 13. b3 Rac8 14. Qb2 Rfe8
15. Ng3 g6 16. e4 dxe4 17. Ndxe4 cxd4 18. Qxd4 e5 19. Qb2 Nxe4 20. Bxe4 Bxe4
21. Nxe4 Nc5 22. Rad1 Nxe4 23. Rxe4 Rcd8 24. Rde1 f5 25. R4e2 Kh7 26. h3 e4 27.
Qc3 Rd6 28. b4 Qg7 29. Qa3 Red8 30. c5 Rd3 31. Qa4 bxc5 32. bxc5 Rc3 33. Rc2
Rxc2 34. Qxc2 Qd4 35. c6 Qd2 36. Qxd2 Rxd2 37. Rc1 Rd8 38. Kf1 Kg7 39. c7 Rc8
40. Ke2 Kf7 41. Ke3 Ke7 42. Kf4 Kd7 43. Ke5 Rxc7 44. Rxc7+ Kxc7 45. g3 Kc6 46.
Kf6 Kd5 47. Kxg6 Ke5 48. Kxh6 f4 49. gxf4+ Kxf4 50. Kg6 Kf3 51. Kf5 Kxf2 52.
Kxe4 Kg3 53. Kd5 Kxh3 54. Kc6 Kg3 55. Kb5 Kf4 56. Ka6 Ke5 57. Kxa7 Kd5 58. Kb6
Kd6 59. a4 Kd7 60. Kb7 Kd6 61. a5 1-0

[Event "Plateau 1"]
[Site "Montreal CAN"]
[Date "2001.06.17"]
[Round "4"]
[White "Lacroix, Serge"]
[Black "Chabot, Roland"]
[Result "1-0"]
[WhiteElo "1958"]
[BlackElo "2273"]
[PlyCount "93"]
[EventDate "2001.06.16"]
[EventType "swiss"]
[EventRounds "4"]
[EventCountry "CAN"]

1. e4 c5 2. Nf3 e6 3. d4 cxd4 4. Nxd4 Nf6 5. Nc3 d6 6. Bg5 Be7 7. f4 h6 8. Bh4
Nxe4 9. Bxe7 Nxc3 10. Bxd8 Nxd1 11. Bc7 Ne3 12. Bxd6 Nxf1 13. Rxf1 a6 14. O-O-O
f6 15. Rf3 Nc6 16. Nxc6 bxc6 17. Rb3 g6 18. Bc7 Bd7 19. Rb7 Rh7 20. Ba5 Rf7 21.
Bc3 f5 22. g3 c5 23. Rd6 a5 24. Rc7 a4 25. Rxc5 Ra7 26. Be5 g5 27. Rb6 Ke7 28.
Rb8 Rf8 29. Rb6 Rg8 30. Kd2 gxf4 31. Bxf4 Kf6 32. h4 Rg4 33. Rb8 Kf7 34. Rh8
Rb7 35. b3 axb3 36. axb3 Kg7 37. Be5+ Kg6 38. Bf4 Kg7 39. Rd8 h5 40. Ra5 Kf7
41. Rh8 Bc6 42. Rxh5 Rd7+ 43. Kc1 Kg6 44. Rh8 Rxf4 45. gxf4 Rd4 46. Ra6 Bd5 47.
Ra4 1-0

[Event "Quebec-ch qual. 2"]
[Site "Montreal CAN"]
[Date "2001.05.25"]
[Round "1"]
[White "Amesse, Louis-Philippe"]
[Black "Lacroix, Serge"]
[Result "0-1"]
[WhiteElo "1557"]
[BlackElo "1946"]
[PlyCount "52"]
[EventDate "2001.05.25"]
[EventType "swiss"]
[EventRounds "5"]
[EventCountry "CAN"]

1. d4 Nf6 2. c4 e6 3. Nc3 Bb4 4. Nf3 O-O 5. Bg5 b6 6. e3 Bb7 7. Bd3 h6 8. Bh4
d6 9. O-O Bxc3 10. bxc3 Qe7 11. Rb1 e5 12. e4 g5 13. Nxg5 hxg5 14. Bxg5 Nbd7
15. f4 Kg7 16. c5 a6 17. Rf3 Rg8 18. cxd6 cxd6 19. fxe5 dxe5 20. Rxb6 Kf8 21.
Bh6+ Ke8 22. Rxb7 Ng4 23. Rg3 Nxh6 24. Rxg8+ Nxg8 25. Qg4 Ngf6 26. Qh4 Rc8 0-1

[Event "Quebec-ch qual. 2"]
[Site "Montreal CAN"]
[Date "2001.05.26"]
[Round "2"]
[White "Lacroix, Serge"]
[Black "Neacsu, Catalin"]
[Result "1-0"]
[WhiteElo "1946"]
[BlackElo "1960"]
[PlyCount "91"]
[EventDate "2001.05.25"]
[EventType "swiss"]
[EventRounds "5"]
[EventCountry "CAN"]

1. e4 c5 2. Nf3 d6 3. d4 cxd4 4. Nxd4 Nf6 5. Nc3 a6 6. Bg5 e6 7. f4 b5 8. e5
dxe5 9. fxe5 Qc7 10. Bxf6 gxf6 11. exf6 Qe5+ 12. Be2 Bb7 13. Qd3 Bh6 14. Nf3
Qf4 15. g3 Qe3 16. Qxe3 Bxe3 17. Rf1 Nd7 18. Rd1 Nxf6 19. Ne5 Ke7 20. Rxf6 Kxf6
21. Ng4+ Ke7 22. Nxe3 Rad8 23. Rxd8 Rxd8 24. Bd3 f6 25. Ke2 Kf7 26. a4 Bc6 27.
axb5 axb5 28. Bxb5 Bxb5+ 29. Nxb5 Rb8 30. c4 h5 31. h4 f5 32. b4 Ke7 33. Kd3
Kd7 34. Ke2 Ke7 35. Nd4 Rg8 36. Kf3 Kd7 37. Kf4 Rb8 38. b5 Kd6 39. c5+ Kxc5 40.
Nxe6+ Kxb5 41. Nxf5 Kc4 42. Neg7 Rh8 43. Kg5 Kd5 44. Nxh5 Ke6 45. Kg6 Ke5 46.
Nhg7 1-0

[Event "Quebec-ch qual. 2"]
[Site "Montreal CAN"]
[Date "2001.05.26"]
[Round "3"]
[White "Baribeault, David"]
[Black "Lacroix, Serge"]
[Result "1/2-1/2"]
[WhiteElo "1440"]
[BlackElo "1946"]
[PlyCount "92"]
[EventDate "2001.05.25"]
[EventType "swiss"]
[EventRounds "5"]
[EventCountry "CAN"]

1. c4 Nf6 2. Nf3 e6 3. d4 Bb4+ 4. Bd2 Qe7 5. a3 Bxd2+ 6. Nbxd2 d6 7. e4 e5 8.
d5 a5 9. Bd3 Nbd7 10. b4 O-O 11. O-O Nh5 12. Qc2 Nf4 13. Rfc1 Nxd3 14. Qxd3 b6
15. Nf1 g6 16. Ng3 Nf6 17. Qc3 Bg4 18. c5 axb4 19. cxd6 cxd6 20. Qxb4 h5 21.
Nd2 h4 22. Ngf1 h3 23. g3 Be2 24. Qxb6 Nd7 25. Qe3 Bxf1 26. Rxf1 Kg7 27. f4
exf4 28. gxf4 f5 29. Qc3+ Qf6 30. Qxf6+ Nxf6 31. Rfe1 Ra4 32. e5 dxe5 33. Rxe5
Rxf4 34. a4 Rg4+ 35. Kf1 Rg2 36. Re2 Rxe2 37. Kxe2 Nxd5 38. a5 g5 39. a6 Ra8
40. Ra5 Ne7 41. Nb3 Kg6 42. Nd4 g4 43. Kf2 f4 44. a7 g3+ 45. hxg3 h2 46. Kg2
fxg3 1/2-1/2

[Event "Quebec-ch qual. 2"]
[Site "Montreal CAN"]
[Date "2001.05.27"]
[Round "4"]
[White "Nunez, Omar"]
[Black "Lacroix, Serge"]
[Result "0-1"]
[WhiteElo "2049"]
[BlackElo "1946"]
[PlyCount "70"]
[EventDate "2001.05.25"]
[EventType "swiss"]
[EventRounds "5"]
[EventCountry "CAN"]

1. g3 e5 2. Bg2 d5 3. d3 c5 4. Nf3 Nc6 5. c4 d4 6. O-O Nf6 7. Na3 Bg4 8. Nc2
Qd7 9. a3 a5 10. Rb1 Bh3 11. Bd2 Bxg2 12. Kxg2 Bd6 13. b4 axb4 14. axb4 b6 15.
e4 O-O 16. b5 Ne7 17. Bg5 Qe6 18. Ra1 h6 19. Bxf6 Qxf6 20. Qb1 Qe6 21. Qb2 Rxa1
22. Rxa1 f5 23. Nd2 f4 24. Ne1 g5 25. Nef3 Ng6 26. h3 g4 27. hxg4 fxg3 28. Kxg3
Be7 29. Rh1 Qf6 30. Qa2 Qf4+ 31. Kh3 Bg5 32. Qa7 Qf6 33. Qb7 Bxd2 34. Nxd2 Qh4+
35. Kg2 Qxg4+ 0-1

[Event "Quebec-ch qual. 2"]
[Site "Montreal CAN"]
[Date "2001.05.27"]
[Round "5"]
[White "Lacroix, Serge"]
[Black "Bannon, Eric"]
[Result "1/2-1/2"]
[WhiteElo "1946"]
[BlackElo "2042"]
[PlyCount "25"]
[EventDate "2001.05.25"]
[EventType "swiss"]
[EventRounds "5"]
[EventCountry "CAN"]

1. e4 c5 2. Nf3 e6 3. d4 cxd4 4. Nxd4 Nf6 5. Nc3 d6 6. Bg5 Be7 7. f4 h6 8. Bh4
Qb6 9. Bb5+ Bd7 10. Bf2 Qc7 11. Bxd7+ Nbxd7 12. Qf3 a6 13. O-O-O 1/2-1/2

[Event "Fete de Dollard"]
[Site "Montreal CAN"]
[Date "2001.05.18"]
[Round "1"]
[White "Lacroix, Serge"]
[Black "Khassanov, Marat"]
[Result "0-1"]
[WhiteElo "1980"]
[BlackElo "2425"]
[PlyCount "70"]
[EventDate "2001.05.18"]
[EventType "swiss"]
[EventRounds "5"]
[EventCountry "CAN"]

1. e4 c5 2. Nf3 d6 3. d4 cxd4 4. Nxd4 Nf6 5. Nc3 Nc6 6. Bg5 e6 7. Qd2 a6 8. Bc4
h6 9. Be3 Ng4 10. O-O-O Be7 11. f4 Bd7 12. Kb1 b5 13. Bb3 Nxe3 14. Qxe3 O-O 15.
g4 Nxd4 16. Qxd4 a5 17. a4 b4 18. Nb5 Bxb5 19. axb5 a4 20. Bc4 a3 21. e5 Qa5
22. b3 a2+ 23. Ka1 Rfd8 24. Qe3 dxe5 25. fxe5 Bg5 26. Qe2 Qa3 27. Bd3 Qa7 28.
Qe4 Qc5 29. Bc4 Be3 30. Rxd8+ Rxd8 31. Kxa2 Qa7+ 32. Kb1 Bd4 33. c3 Bxc3 34.
Bd3 Qa1+ 35. Kc2 Qb2+ 0-1

[Event "Fete de Dollard"]
[Site "Montreal CAN"]
[Date "2001.05.20"]
[Round "5"]
[White "Lacroix, Serge"]
[Black "Proulx, Denis"]
[Result "1-0"]
[WhiteElo "1980"]
[BlackElo "1924"]
[PlyCount "90"]
[EventDate "2001.05.18"]
[EventType "swiss"]
[EventRounds "5"]
[EventCountry "CAN"]

1. e4 c5 2. Nf3 d6 3. d4 cxd4 4. Nxd4 Nf6 5. Nc3 a6 6. Bg5 e6 7. f4 Qc7 8. Bxf6
gxf6 9. Be2 Nc6 10. Nb3 b5 11. Bh5 Bb7 12. f5 O-O-O 13. fxe6 fxe6 14. Bg4 Qf7
15. Nd4 Nxd4 16. Qxd4 h5 17. Bh3 Kb8 18. a4 b4 19. Qxb4 d5 20. Qb3 Ka8 21. exd5
exd5 22. O-O-O Bc5 23. Rhe1 Rd6 24. a5 Rb8 25. Na4 Bc6 26. Qa2 Bf2 27. Re2 Qa7
28. Rf1 Be3+ 29. Kb1 Bb5 30. Rfe1 Bxe2 31. Rxe2 Qd4 32. Re1 Qd2 33. Rf1 Qxa5
34. Qa3 Rb4 35. Qxe3 Rxa4 36. Qe8+ Rd8 37. Qc6+ Kb8 38. c3 Ra1+ 39. Kc2 Rxf1
40. Bd7 Rf2+ 41. Kb1 Qb5 42. Qd6+ Ka7 43. Qc7+ Qb7 44. Qc5+ Qb6 45. Qe7 Qxb2#
1-0

[Event "Quebec-ch qual. 1"]
[Site "Montreal CAN"]
[Date "2001.04.28"]
[Round "2"]
[White "Lacroix, Serge"]
[Black "Chenard, Yanick"]
[Result "1-0"]
[WhiteElo "1977"]
[BlackElo "1170"]
[PlyCount "123"]
[EventDate "2001.04.27"]
[EventType "swiss"]
[EventRounds "5"]
[EventCountry "CAN"]

1. e4 Nc6 2. d4 d5 3. exd5 Qxd5 4. Nf3 Bg4 5. Be2 O-O-O 6. c3 e5 7. dxe5 Nxe5
8. Qxd5 Rxd5 9. Nxe5 Rxe5 10. f3 Bd7 11. Bf4 Re8 12. c4 Bc5 13. Nc3 Nf6 14.
O-O-O Bb4 15. Bd3 Bxc3 16. bxc3 Ba4 17. Rde1 Rd8 18. Bf5+ Bd7 19. Re7 Bxf5 20.
Rxc7+ Kb8 21. Rc5+ Ka8 22. Rxf5 Rhe8 23. Rd1 Rc8 24. c5 Re2 25. Rd2 Re1+ 26.
Kc2 Rce8 27. Be5 g6 28. Rxf6 R1xe5 29. Rxf7 Rh5 30. h3 Rc8 31. Rc7 Kb8 32. Re7
Rhxc5 33. Rxh7 Rxc3+ 34. Kd1 Rc1+ 35. Ke2 R1c2 36. Rg7 Re8+ 37. Kd1 Rc6 38.
Rdd7 b6 39. Rxa7 Rd6+ 40. Kc2 Rc8+ 41. Kb3 Rd3+ 42. Kb4 Rd4+ 43. Kb5 Rd5+ 44.
Ka6 Ra5+ 45. Kxb6 Rxa7 46. Rxa7 Rc2 47. Rg7 Rb2+ 48. Kc6 Rc2+ 49. Kd5 Rxg2 50.
Ke4 g5 51. h4 Re2+ 52. Kd3 Rxa2 53. hxg5 Ra3+ 54. Ke4 Ra4+ 55. Kf5 Ra5+ 56. Kg4
Kc8 57. g6 Kd8 58. Rb7 Ra4+ 59. f4 Ra1 60. g7 Rg1+ 61. Kf5 Kc8 62. Rf7 1-0

[Event "Quebec-ch qual. 1"]
[Site "Montreal CAN"]
[Date "2001.04.28"]
[Round "3"]
[White "Boulay, David"]
[Black "Lacroix, Serge"]
[Result "1-0"]
[WhiteElo "2105"]
[BlackElo "1977"]
[Annotator "Incomplete"]
[PlyCount "167"]
[EventDate "2001.04.27"]
[EventType "swiss"]
[EventRounds "5"]
[EventCountry "CAN"]

1. e4 e5 2. Nf3 Nc6 3. Bb5 a6 4. Ba4 Nf6 5. Qe2 b5 6. Bb3 Be7 7. c3 d6 8. O-O
O-O 9. d4 Bg4 10. Rd1 Qc8 11. h3 Bxf3 12. Qxf3 Na5 13. Bc2 c5 14. dxe5 dxe5 15.
Nd2 Rd8 16. Nf1 Rxd1 17. Qxd1 Qc7 18. Ne3 g6 19. Ng4 Nxg4 20. hxg4 Rd8 21. Qe2
c4 22. Bd2 Nb7 23. b4 Rd7 24. a4 Qd8 25. Rd1 Bg5 26. Be1 Rxd1 27. Qxd1 Qxd1 28.
Bxd1 Nd6 29. axb5 axb5 30. Bc2 Kf8 31. g3 Ke7 32. f4 Bf6 33. g5 Bg7 34. Kf2 f6
35. gxf6+ Bxf6 36. Kf3 Ke6 37. Bd1 h5 38. Ke3 Bg7 39. Bf3 Bf6 40. Kd2 g5 41.
f5+ Ke7 42. Bxh5 Nxe4+ 43. Ke3 Nd6 44. Bg4 Kf7 45. Kf3 Ke7 46. Bh3 Kd7 47. g4
Bd8 48. Bg2 Bb6 49. Bd2 Bd8 50. Ke3 Bb6+ 51. Ke2 Bd8 52. Ke3 Bf6 53. Bf3 Kc7
54. Be4 Nc8 55. Be1 Nb6 56. Kf3 Kd6 57. Bb7 Na4 58. Ke4 Kc7 59. Bd5 Kd6 60. Bf7
Ke7 61. Be6 Kd6 62. Bd2 Bd8 63. Bf7 Ke7 64. Bg6 Kd7 65. Kxe5 Bc7+ 66. Kf6 Bf4
67. Be1 Nb2 68. Bf2 Nd1 69. Bd4 Bd2 70. Kg7 Nxc3 71. f6 Nd5 72. Be8+ Kc7 73.
Bxb5 Bxb4 74. Bxc4 Nf4 75. f7 Kd7 76. f8=Q Bxf8+ 77. Kxf8 Ng6+ 78. Kf7 Nh4 79.
Bd5 Kd6 80. Bh1 Kd7 81. Kf6 Ke8 82. Kxg5 Nf3+ 83. Bxf3 Kf8 84. Bd5 1-0

[Event "Quebec-ch qual. 1"]
[Site "Montreal CAN"]
[Date "2001.04.29"]
[Round "4"]
[White "Lacroix, Serge"]
[Black "Leclair, Hugues"]
[Result "1/2-1/2"]
[WhiteElo "1977"]
[BlackElo "1707"]
[PlyCount "85"]
[EventDate "2001.04.27"]
[EventType "swiss"]
[EventRounds "5"]
[EventCountry "CAN"]

1. e4 e5 2. Nf3 d6 3. d4 Nd7 4. Nc3 Ngf6 5. Bc4 Be7 6. O-O c6 7. a4 O-O 8. Qe2
Qc7 9. Bg5 h6 10. Be3 Kh7 11. dxe5 dxe5 12. Rfd1 Bc5 13. h3 Bxe3 14. Qxe3 Nh5
15. g3 Ndf6 16. Kh2 g5 17. Qc5 Bxh3 18. Kxh3 g4+ 19. Kg2 gxf3+ 20. Kxf3 Rad8
21. Rxd8 Rxd8 22. Rd1 b6 23. Qe3 Rxd1 24. Nxd1 Qd7 25. Ke2 Kg7 26. Bd3 Qh3 27.
Qf3 Ng4 28. Ne3 Nxe3 29. Qxe3 Nf6 30. a5 Ng4 31. Qf3 Nh2 32. Qf5 Qf1+ 33. Kd2
Qg2 34. Qxe5+ Kf8 35. Qf4 Nf3+ 36. Kc3 Qxf2 37. Qxh6+ Ke7 38. Qf4 Qc5+ 39. Kb3
Nd4+ 40. Ka2 Qxa5+ 41. Kb1 Qe1+ 42. Ka2 Qa5+ 43. Kb1 1/2-1/2

[Event "Quebec-ch qual. 1"]
[Site "Montreal CAN"]
[Date "2001.04.29"]
[Round "5"]
[White "Mathews, Theo"]
[Black "Lacroix, Serge"]
[Result "1/2-1/2"]
[WhiteElo "1577"]
[BlackElo "1977"]
[PlyCount "41"]
[EventDate "2001.04.27"]
[EventType "swiss"]
[EventRounds "5"]
[EventCountry "CAN"]

1. e4 e5 2. Nf3 Nc6 3. Bc4 Nf6 4. Nc3 Bc5 5. O-O d6 6. d3 Bg4 7. Bb5 O-O 8.
Bxc6 bxc6 9. Bg5 Rb8 10. Na4 Bb6 11. Nxb6 cxb6 12. h3 Bh5 13. Qe2 Qe7 14. Qe3
Rfc8 15. Nh4 Bg6 16. f4 h6 17. Nxg6 fxg6 18. Bh4 exf4 19. Bxf6 Qxf6 20. Qxf4
Qxb2 21. Qxd6 1/2-1/2

[Event "Laval XVIII"]
[Site "Laval CAN"]
[Date "2001.04.21"]
[Round "2"]
[White "Destree, Frederic"]
[Black "Lacroix, Serge"]
[Result "0-1"]
[WhiteElo "1872"]
[BlackElo "1944"]
[Annotator "Incomplete"]
[PlyCount "72"]
[EventDate "2001.04.20"]
[EventType "swiss"]
[EventRounds "5"]
[EventCountry "CAN"]

1. e4 e5 2. Nf3 Nc6 3. Bb5 a6 4. Ba4 Nf6 5. O-O Be7 6. Re1 b5 7. Bb3 d6 8. h3
Na5 9. c3 Nxb3 10. axb3 c5 11. d3 O-O 12. Nbd2 Qc7 13. Nf1 Re8 14. Qc2 g6 15.
Ng3 Bf8 16. Bg5 Bg7 17. Bxf6 Bxf6 18. Nf1 Bg7 19. Ne3 Bb7 20. Nd2 Bh6 21. Ng4
Bg7 22. Ne3 h5 23. Rad1 Bh6 24. Ndf1 Rf8 25. Ng3 a5 26. Ra1 Ra7 27. Qe2 f6 28.
Nef1 Bc6 29. h4 Qf7 30. Nd2 f5 31. c4 b4 32. exf5 gxf5 33. Qxh5 a4 34. bxa4
Rxa4 35. Rxa4 Bxa4 36. Ra1 Bc6 {etc.} 0-1

[Event "Laval XVIII"]
[Site "Laval CAN"]
[Date "2001.04.21"]
[Round "3"]
[White "Lacroix, Serge"]
[Black "Loranger, Stephane"]
[Result "1-0"]
[WhiteElo "1944"]
[BlackElo "1858"]
[PlyCount "79"]
[EventDate "2001.04.20"]
[EventType "swiss"]
[EventRounds "5"]
[EventCountry "CAN"]

1. e4 g6 2. d4 Bg7 3. f4 d6 4. Nf3 Nf6 5. Nc3 c6 6. Bd3 O-O 7. O-O b5 8. Kh1 b4
9. Ne2 Ba6 10. a3 Bxd3 11. Qxd3 bxa3 12. Rxa3 Nbd7 13. Be3 c5 14. d5 Ng4 15.
Bc1 Qb6 16. c4 Rfb8 17. h3 Nh6 18. g4 Kh8 19. g5 Ng8 20. Nc3 a5 21. h4 h5 22.
Re1 Qb4 23. Ra4 Qb7 24. Kg1 Qb3 25. Nd2 Qb7 26. b3 Qc8 27. Ra2 Nb6 28. Ne2 Qg4+
29. Qg3 Bd4+ 30. Kg2 Qd7 31. Nxd4 cxd4 32. Bb2 e5 33. fxe5 dxe5 34. Qxe5+ f6
35. gxf6 Nh6 36. Bxd4 Nf7 37. Qg3 Kh7 38. Qf3 Qc8 39. e5 Nd7 40. Qg3 1-0

[Event "Laval XVIII"]
[Site "Laval CAN"]
[Date "2001.04.22"]
[Round "4"]
[White "Mikanovic, Goran"]
[Black "Lacroix, Serge"]
[Result "1-0"]
[WhiteElo "2353"]
[BlackElo "1944"]
[PlyCount "62"]
[EventDate "2001.04.20"]
[EventType "swiss"]
[EventRounds "5"]
[EventCountry "CAN"]

1. d4 Nf6 2. c4 e6 3. Nc3 Bb4 4. Qc2 b6 5. e4 c5 6. d5 d6 7. Bd3 e5 8. f4 exf4
9. Bxf4 Qe7 10. Nge2 Nbd7 11. O-O Bxc3 12. Nxc3 Ne5 13. Rae1 Bg4 14. Bg5 h6 15.
Bxf6 gxf6 16. Rf4 Rg8 17. Bf1 O-O-O 18. Kh1 h5 19. b4 Bd7 20. bxc5 dxc5 21. a4
Rg5 22. Rf2 Qd6 23. a5 Kc7 24. axb6+ axb6 25. Ra1 Rb8 26. Ra7+ Rb7 27. Qa2 Rg8
28. Be2 Ng4 29. Bxg4 hxg4 30. Ra8 Rgb8 31. Rxb8 Rxb8 1-0

[Event "Laval XVIII"]
[Site "Laval CAN"]
[Date "2001.04.22"]
[Round "5"]
[White "Lacroix, Serge"]
[Black "Therrien, Michel"]
[Result "1/2-1/2"]
[WhiteElo "1944"]
[BlackElo "1872"]
[PlyCount "60"]
[EventDate "2001.04.20"]
[EventType "swiss"]
[EventRounds "5"]
[EventCountry "CAN"]

1. e4 Nf6 2. e5 Nd5 3. d4 d6 4. c4 Nb6 5. Nf3 g6 6. Nc3 Bg7 7. exd6 cxd6 8. Be3
Bg4 9. h3 Bxf3 10. gxf3 Nc6 11. f4 d5 12. cxd5 Nxd5 13. Bg2 e6 14. Nxd5 exd5
15. O-O O-O 16. Qd2 Qd7 17. Rac1 Rfd8 18. Rc5 Qe6 19. a3 Bf8 20. Rc2 Rd7 21. b4
Rad8 22. b5 Ne7 23. a4 Nf5 24. Rfc1 Nh4 25. Rc8 Nxg2 26. Kxg2 Qe8 27. Rxd8 Qxd8
28. Qc2 Bd6 29. Qc8 Kg7 30. Qxd8 Rxd8 1/2-1/2

[Event "Mauricie op U2000"]
[Site "Trois-Rivieres CAN"]
[Date "2001.03.16"]
[Round "1"]
[White "Lacroix, Serge"]
[Black "Wilkin, Alain"]
[Result "1-0"]
[WhiteElo "1997"]
[BlackElo "1889"]
[PlyCount "69"]
[EventDate "2001.03.16"]
[EventType "swiss"]
[EventRounds "5"]
[EventCountry "CAN"]

1. e4 c5 2. Nf3 e6 3. d4 cxd4 4. Nxd4 a6 5. Nc3 Qc7 6. a3 Nc6 7. Be2 Nf6 8. O-O
Nxd4 9. Qxd4 Bc5 10. Qd3 b5 11. Be3 d6 12. Rad1 O-O 13. Bxc5 dxc5 14. f4 b4 15.
e5 bxc3 16. exf6 gxf6 17. Qxc3 Qe7 18. Rf3 e5 19. fxe5 fxe5 20. Rd5 f6 21. Qxc5
Qxc5+ 22. Rxc5 Rb8 23. b3 Rb6 24. Bd3 Rd6 25. Rc7 f5 26. Bc4+ Kh8 27. Rd3 Rg6
28. Rg3 Rxg3 29. hxg3 f4 30. gxf4 exf4 31. Kf2 Bg4 32. Bxa6 Re8 33. Bd3 h5 34.
Rf7 Bd1 35. Rxf4 1-0

[Event "Mauricie op U2000"]
[Site "Trois-Rivieres CAN"]
[Date "2001.03.17"]
[Round "2"]
[White "Lalonde, Jean-Louis"]
[Black "Lacroix, Serge"]
[Result "0-1"]
[WhiteElo "1862"]
[BlackElo "1997"]
[PlyCount "53"]
[EventDate "2001.03.16"]
[EventType "swiss"]
[EventRounds "5"]
[EventCountry "CAN"]

1. d4 Nf6 2. Nf3 e6 3. e3 b6 4. c4 Bb7 5. Nc3 Ne4 6. Bd3 Nxc3 7. bxc3 f5 8. O-O
Be7 9. Qe2 O-O 10. Nd2 d5 11. a4 c5 12. f3 Nc6 13. Ba3 Na5 14. Rfb1 Bc6 15. Bc1
Qd7 16. Bc2 Bf6 17. f4 g5 18. cxd5 Bxd5 19. fxg5 Bxg5 20. Qh5 Bxe3+ 21. Kh1
cxd4 22. Ra3 Bxd2 23. Bxd2 Nc4 24. Qg5+ Qg7 25. Raa1 Nxd2 26. Qxd2 dxc3 27. Qf2
0-1

[Event "Mauricie op U2000"]
[Site "Trois-Rivieres CAN"]
[Date "2001.03.17"]
[Round "3"]
[White "Lacroix, Serge"]
[Black "Loranger, Stephane"]
[Result "1-0"]
[WhiteElo "1997"]
[BlackElo "1851"]
[PlyCount "127"]
[EventDate "2001.03.16"]
[EventType "swiss"]
[EventRounds "5"]
[EventCountry "CAN"]

1. e4 e5 2. Nf3 Nc6 3. Bb5 a6 4. Ba4 Nf6 5. O-O b5 6. Bb3 Be7 7. Re1 d6 8. c3
O-O 9. h3 Re8 10. d4 Bf8 11. Bc2 Bb7 12. d5 Ne7 13. b3 Ng6 14. Bg5 Be7 15. Be3
Nd7 16. Nbd2 Nf4 17. Nf1 Bf6 18. Ng3 Nf8 19. Qd2 N8g6 20. a4 bxa4 21. Rxa4 Bc8
22. Rea1 Bd7 23. Ra5 Qc8 24. Nf5 Bb5 25. c4 Bd7 26. Kh2 Ne7 27. Nxe7+ Rxe7 28.
R1a2 Nxg2 29. Kxg2 Bxh3+ 30. Kh2 Qg4 31. Ne1 Bf1 32. Bd1 Qxe4 33. f3 Qh4+ 34.
Kg1 Bh3 35. Ng2 Qg3 36. Qf2 Qg6 37. Rxa6 Rxa6 38. Rxa6 Re8 39. Bc2 Qh5 40. Qg3
Bd8 41. Ra8 Bd7 42. Qh2 Bh3 43. Qg3 Bd7 44. Ra2 f5 45. f4 e4 46. Bd4 Qh6 47.
Bd1 Bf6 48. Bxf6 Qxf6 49. Qe3 h6 50. Ra7 Qd8 51. Bh5 Rf8 52. b4 Be8 53. Bxe8
Rxe8 54. b5 g5 55. Kf1 Rf8 56. c5 dxc5 57. Qxc5 Rf7 58. Qc6 Kg7 59. Ra6 Rf6 60.
Qxf6+ Qxf6 61. Rxf6 Kxf6 62. d6 Ke6 63. dxc7 Kd7 64. b6 1-0

[Event "Mauricie op U2000"]
[Site "Trois-Rivieres CAN"]
[Date "2001.03.17"]
[Round "4"]
[White "Lacroix, Serge"]
[Black "Lacombe, Simon"]
[Result "0-1"]
[WhiteElo "1997"]
[BlackElo "1933"]
[PlyCount "78"]
[EventDate "2001.03.16"]
[EventType "swiss"]
[EventRounds "5"]
[EventCountry "CAN"]

1. e4 Nc6 2. d4 e5 3. d5 Nce7 4. c4 Ng6 5. Be3 Nf6 6. f3 Bb4+ 7. Nc3 Qe7 8.
Nge2 O-O 9. a3 Bc5 10. Qd2 Bxe3 11. Qxe3 d6 12. Nc1 a5 13. Nd3 b6 14. Be2 Nh5
15. g3 f5 16. exf5 Bxf5 17. Ne4 Nf6 18. O-O h6 19. b4 Rf7 20. Nxf6+ Rxf6 21.
Nf2 Ra7 22. Ne4 Rf7 23. Rac1 axb4 24. axb4 Ra2 25. Ra1 Rxa1 26. Rxa1 Nf8 27.
Ra8 g5 28. Ra7 Nh7 29. c5 bxc5 30. bxc5 Bxe4 31. cxd6 Qxd6 32. fxe4 Nf6 33. Ra6
Qb4 34. Re6 Qe1+ 35. Kg2 Ng4 36. Qd3 Qf2+ 37. Kh3 Ne3 38. Bf1 g4+ 39. Kh4 Qxh2+
0-1

[Event "Mauricie op U2000"]
[Site "Trois-Rivieres CAN"]
[Date "2001.03.17"]
[Round "5"]
[White "Ramaswamy, Kishor"]
[Black "Lacroix, Serge"]
[Result "0-1"]
[WhiteElo "1902"]
[BlackElo "1997"]
[PlyCount "82"]
[EventDate "2001.03.16"]
[EventType "swiss"]
[EventRounds "5"]
[EventCountry "CAN"]

1. d4 Nf6 2. Nf3 e6 3. Bg5 c5 4. c3 Qe7 5. e3 h6 6. Bh4 g5 7. Bg3 Ne4 8. Nbd2
Nxg3 9. hxg3 cxd4 10. cxd4 d5 11. Rb1 Bg7 12. Bd3 Bd7 13. O-O Nc6 14. a3 O-O
15. Qe2 a5 16. Rfd1 f5 17. Nb3 b6 18. Rbc1 a4 19. Na1 Na5 20. Ne5 Bxe5 21. dxe5
g4 22. f4 Rac8 23. Rc2 Nb7 24. Ba6 Rxc2 25. Qxc2 Nc5 26. Bd3 h5 27. b4 axb3 28.
Nxb3 Ba4 29. Rb1 Bxb3 30. Rxb3 Nxb3 31. Qxb3 Qc7 32. Qb5 Rc8 33. Kh2 Qc6 34.
Qb4 Rc7 35. Bb5 Qc5 36. Qa4 Kg7 37. Bd7 Qe7 38. Bc6 h4 39. Qa8 hxg3+ 40. Kxg3
Qc5 41. Ba4 Qxe3+ 0-1

[Event "Montcalm op"]
[Site "Quebec CAN"]
[Date "2001.03.03"]
[Round "2"]
[White "Lacroix, Serge"]
[Black "Michaud, Jacques"]
[Result "1/2-1/2"]
[WhiteElo "2021"]
[BlackElo "1648"]
[Annotator "Incomplete"]
[PlyCount "97"]
[EventDate "2001.03.02"]
[EventType "swiss"]
[EventRounds "5"]
[EventCountry "CAN"]

1. e4 c5 2. Nf3 d6 3. d4 cxd4 4. Nxd4 Nf6 5. Nc3 a6 6. Bg5 e6 7. f4 Bd7 8. Qf3
Nc6 9. O-O-O Qb6 10. Nb3 Rc8 11. g4 Na5 12. Nxa5 Qxa5 13. Kb1 b5 14. Bxf6 gxf6
15. f5 Qc7 16. Bd3 b4 17. fxe6 fxe6 18. Ne2 Bg7 19. Nf4 Rf8 20. Rhf1 a5 21. Qh3
a4 22. Qxh7 Bh8 23. Ng6 Bc6 24. Qxc7 Rxc7 25. Nxf8 Kxf8 26. g5 Ke7 27. h4 fxg5
28. hxg5 Be8 29. Rh1 Bg7 30. Rdf1 a3 31. b3 Rc5 32. g6 Rg5 33. Rhg1 Rxg6 34.
Rxg6 Bxg6 35. e5 Bxd3 36. exd6+ Kxd6 37. cxd3 Bd4 38. Kc2 Bc5 39. Rf4 Kd5 40.
Rc4 Be3 41. d4 Ke4 42. Rc6 Kxd4 43. Rxe6 Bf2 44. Rd6+ Kc5 45. Rd8 Kb5 46. Kd3
Be1 47. Rd5+ Kc6 48. Kc4 Bc3 49. Rb5 {etc.} 1/2-1/2